Η έννοια των λογαριασμών των επιχειρήσεων
Saved in:
| Main Author: | |
|---|---|
| Other Authors: | |
| Format: | Book |
| Language: | Greek |
| Published: |
Αθήνα :
Παπαζήσης,
1986
|
| Edition: | 2η έκδ. |
| Subjects: | |
| Tags: |
Add Tag
No Tags, Be the first to tag this record!
|
MARC
| LEADER | 00000nam a2200000 i 4500 | ||
|---|---|---|---|
| 001 | 1/26779 | ||
| 008 | 960726s1986 gre d | ||
| 020 | |a 0-566-02009-2 | ||
| 035 | |l 10022735 | ||
| 040 | |a GR-MY-UA |b gre |e aacr | ||
| 041 | 0 | |a gre | |
| 082 | 0 | |a 657.3 | |
| 100 | 1 | |a Reid, Walter. | |
| 245 | 1 | 2 | |a Η έννοια των λογαριασμών των επιχειρήσεων / |c Walter Reid, D.R.Myddelton |
| 250 | |a 2η έκδ. | ||
| 260 | |a Αθήνα : |b Παπαζήσης, |c 1986 | ||
| 300 | |a 342 σ. | ||
| 504 | |a Περιλαμβάνει ευρετήριο | ||
| 650 | 0 | 0 | |a Financial statements. |
| 650 | 0 | 0 | |a Corporations |x Accounting. |
| 700 | 1 | |a Myddelton, David Roderic. | |
| 852 | |a INST |b CHIOS |e 19960726 |h 657.3 REI |p 005200008644 |q 005200008644 |t BK |y 0 | ||
| 852 | |a INST |b CHIOS |e 19960726 |h 657.3 REI |p 005200008645 |q 005200008645 |t BK |y 0 | ||
| 909 | |a Χ |b 015171 | ||
| 909 | |a Χ |b 015697 | ||